000 01439nam a2200253Ia 4500
999 _c56119
_d56119
001 23220
003 GE_BSU
005 20211126111508.0
008 181216s2017||||ge |||||||||||||| ||geo||
020 _a9789941462665
040 _cGE_BSU
041 _ageo
080 _a338.48(479.22)(042.4) მ-74
100 _aმიქაშავიძე, ვ.
_913081
245 _aსაქართველოს ტურისტული რესურსები :
_b[სახელმძღვანელო] /
_c ვ. მიქაშავიძე, ჟ. მიქაშავიძე ; რედაქტორი როსტომ ბერიძე ; ბათუმის შოთა რუსთაველის სახელმწ. უნივერსიტეტი, ტურიზმის ფაკულტეტი.
264 _aბათუმი :
_b ბათუმის შოთა რუსთაველის სახელმწიფო უნივერსიტეტი,
_c2017.
300 _a287 გვ.:
_bილ.,
_c28 სმ.
504 _aბიბლ. გვ. 283-287
541 _h25ლ. 04თ.
653 _aსაქართველოს ტურიზმის ეკონომიკა
700 _aმიქაშავიძე, ჟ.
_eავტორი
_913082
700 _aბერიძე, როსტომ
_eრედაქტორი
_91686
942 _cBK
_2udc